Роль мови в соціальних взаємовідносинах. (Запис № 284050)

МАРК-запис
000 -LEADER
fixed length control field 01457nam a22001577a 4500
041 ## - LANGUAGE CODE
Language code of text/sound track or separate title ukr
080 ## - UNIVERSAL DECIMAL CLASSIFICATION NUMBER
Universal Decimal Classification number 09
090 ## - LOCALLY ASSIGNED LC-TYPE CALL NUMBER (OCLC); LOCAL CALL NUMBER (OCLC)
Local cutter number (OCLC) ; Book number/undivided call number, CALL (RLIN) ЧЕР
100 ## - MAIN ENTRY--PERSONAL NAME
Personal name Черняк С.В.
245 ## - TITLE STATEMENT
Title Роль мови в соціальних взаємовідносинах.
260 ## - PUBLICATION, DISTRIBUTION, ETC. (IMPRINT)
Place of publication, distribution, etc Острог
Name of publisher, distributor, etc КАФ
Date of publication, distribution, etc 2007
300 ## - PHYSICAL DESCRIPTION
Extent 64
520 ## - SUMMARY, ETC.
Summary, etc ВСТУП<br/>РОЗДІЛ 1 СОЦІОЛІНГВІСТИКА ЯК СОЦІАЛЬНА ТЕОРІЯ РЕАЛЬНОСТІ.<br/>1.1 Соціолінгвістика як науковий інстумент теорії і практики мовного планування.<br/>1.2 Основні засади і особливості американської соціолінгвістики.<br/>1.3 Соціолінгвістика і діалектологія.<br/>РОЗДІЛ 2 МОВА ЯК САМОДОСТАТНЯ СИСТЕМА І ДИВИЙ ОРГАНІЗМ, ЩО РОЗВИВАЄТЬСЯ ВІДПОВІДНО ДО ПОТРЕБ СУСПІЛЬСТВА.<br/>2.1 Системно-структурні ознаки мови.<br/>2.2 Соціокультурна значимість слів та їх порядок у стійких словосполученнях.<br/>2.3 Ми та вони: від моделі простору до моделювання соціокультурної взаємодії.<br/>ВИСНОВКИ
-- соціолінгвістика,діалектологія, мова.
650 ## - SUBJECT ADDED ENTRY--TOPICAL TERM
Topical term or geographic name as entry element Research Papers
942 ## - ADDED ENTRY ELEMENTS (KOHA)
Koha item type Книги
Фонди
Withdrawn status Lost status Source of classification or shelving scheme Damaged status Not for loan Home library Current library Date acquired Source of acquisition Cost, normal purchase price Total Checkouts Full call number Barcode Date last seen Price effective from Koha item type
    Universal Decimal Classification     ВІЛ - Відділ іноземн. літератури НБ ВІЛ - Відділ іноземн. літератури НБ 16/04/2009 Акт №1 1.00   09 213272 20/12/2021 16/04/2009 Книги